India (Record no. 69731)

000 -LEADER
fixed length control field 00806nam a22002771 4500
001 - CONTROL NUMBER
control field 4059686
003 - CONTROL NUMBER IDENTIFIER
control field NUST - PNEC
005 - DATE AND TIME OF LATEST TRANSACTION
control field 20170116181125.0
008 - FIXED-LENGTH DATA ELEMENTS--GENERAL INFORMATION
fixed length control field 731023s1965 njub b 000 0 eng
010 ## - LIBRARY OF CONGRESS CONTROL NUMBER
LC control number 65020603
040 ## - CATALOGING SOURCE
Original cataloging agency DLC
Transcribing agency LIBRARY
Modifying agency DLC
043 ## - GEOGRAPHIC AREA CODE
Geographic area code a-ii---
050 00 - LIBRARY OF CONGRESS CALL NUMBER
Classification number DS436
Item number .W65
082 00 - DEWEY DECIMAL CLASSIFICATION NUMBER
Classification number 954 WOL
100 1# - MAIN ENTRY--PERSONAL NAME
Personal name Wolpert, Stanley A.,
Dates associated with a name 1927-
245 10 - TITLE STATEMENT
Title India
Statement of responsibility, etc. [by] Stanley Wolpert.
260 ## - PUBLICATION, DISTRIBUTION, ETC.
Place of publication, distribution, etc. Englewood Cliffs, N.J.,
Name of publisher, distributor, etc. Prentice-Hall
Date of publication, distribution, etc. [1965]
300 ## - PHYSICAL DESCRIPTION
Extent x, 178 p.
Other physical details maps.
Dimensions 21 cm.
490 0# - SERIES STATEMENT
Series statement The Modern nations in historical perspective, S-613
490 0# - SERIES STATEMENT
Series statement A Spectrum book.
504 ## - BIBLIOGRAPHY, ETC. NOTE
Bibliography, etc. note "Suggested readings": p. 165-170.
650 ## - SUBJECT ADDED ENTRY--TOPICAL TERM
General subdivision General book
651 #0 - SUBJECT ADDED ENTRY--GEOGRAPHIC NAME
Geographic name India
General subdivision History.
906 ## - LOCAL DATA ELEMENT F, LDF (RLIN)
a 7
b cbc
c orignew
d u
e ocip
f 19
g y-gencatlg
942 ## - ADDED ENTRY ELEMENTS (KOHA)
Source of classification or shelving scheme
Koha item type Book
Holdings
Withdrawn status Lost status Source of classification or shelving scheme Damaged status Not for loan Permanent Location Current Location Shelving location Date acquired Total Checkouts Full call number Barcode Date last seen Price effective from Koha item type
          Pakistan Navy Engineering College (PNEC) Pakistan Navy Engineering College (PNEC)       954 WOL PNECLIB-016386 10/05/2015   Book
© 2023 Central Library, National University of Sciences and Technology. All Rights Reserved.